| 000 | 01258nam a22003617a 4500 | ||
|---|---|---|---|
| 003 | CHAP | ||
| 005 | 20220329142134.0 | ||
| 008 | 990819d1999 mx r 00110 spa d | ||
| 010 | _a79053 | ||
| 011 | _a80025 | ||
| 035 | _a90466 | ||
| 040 | _cCHAP | ||
| 090 | _aTesis | ||
| 100 | 0 | 0 |
_aMendoza Castelán, Pedro. _974622 |
| 245 | 1 | 3 |
_aEl servicio social en la Universidad Autónoma Chapingo, vigencia y perspectivas _c/por Pedro Mendoza Castelán |
| 260 |
_aChapingo, Méx. : _bEl autor, _c1999. |
||
| 300 |
_a200 h. : _bcuadros |
||
| 502 | _aTesis (M.C. Ciencias en Sociología Rural) -- UACH. Departamento de Sociología Rural | ||
| 590 |
_aALEPH _b10 _c20130110 _lUCH01 _h1430 |
||
| 590 |
_aBATCH-UPD _b10 _c20130110 _lUCH01 _h0937 |
||
| 590 |
_aBATCH-UPD _b10 _c20130410 _lUCH01 _h0554 |
||
| 590 |
_aBATCH-UPD _b10 _c20130914 _lUCH01 _h1328 |
||
| 590 |
_aCONVERSION _b10 _c20130109 _lUCH01 _h1344 |
||
| 650 | 1 | 4 |
_aEstudiantes. _938489 |
| 650 | 1 | 4 |
_aServicio social. _9105316 |
| 650 | 1 | 4 |
_aUACH _9115798 |
| 901 | _aBK | ||
| 905 | _aGuadalupe Pinto C. | ||
| 942 | _cFOLL | ||
| 949 |
_bBC _cTES _d33724000728093 _eTS2 _fc.2 _h34446 _i90466 _si |
||
| 949 |
_bBC _cTES _d33724000728127 _eTS2 _fc.3 _h34447 _i90466 _si |
||
| 949 |
_bBC _cTES _d904661 _eTS1 _h34445 _i90466 _sb |
||
| 999 |
_c79053 _d79053 |
||